El precio de vencer / (Registro nro. 14397)

Detalles MARC
000 -LIDER
fixed length control field 01273nam a22002897a 4500
003 - IDENTIFICACDOR DE NÚMERO DE CONTROL
control field DO-SdBNP
005 - DATE AND TIME OF LATEST TRANSACTION
control field 20230704132309.0
007 - CAMPOS FIJOS DE DESCRIPCIÓN FÍSICA
fixed length control field ta
008 - ELEMENTOS DE LONGITUD FIJA
fixed length control field 210922b 2021 dr 00| 0spa d
020 ## - ISBN
International Standard Book Number 9789945927900
040 ## - FUENTE DE CATALOGACIÓN
Agencia que crea de manera original el registro DO-SdBNP
Idioma de catalogación spa
Agencia que realiza la transcripción BPMSU
082 #4 - NÚMERO DE CLASIFICACIÓN DECIMAL DE DEWEY
Classification number 320.907293
Item number M478p 2021
Edition number 22
100 1# - ASIENTO PRINCIPAL -- NOMBRE PERSONAL
Nombre personal Mckinney, Pablo
245 13 - MENCIÓN DE TITULO
Título El precio de vencer /
Mención de responsabilidad Pablo McKinney ; edición y corrección: Felipe Ciprián prólogo de Nelson Espinal Báez.
260 ## - PUBLICACIÓN, DISTRIBUCIÓN, ETC. (PIE DE IMPRENTA)
Lugar de publicación, distribución, etc Santo Domingo :
Nombre del editor, distribuidor, etc. Dircom Editorial,
Fecha de publicación, distribución, etc 2021.
300 ## - DESCRIPCIÓN FÍSICA
Extensión 209 p. ;
Dimensiones 22 cm.
500 ## - NOTA GENERAL
Nota general Incluye datos biográficos del autor en la solapa de la cubierta
505 ## - NOTA DE CONTENIDO
Texto normalizado de contenido Y poco más -- Prólogo de Nelson Espinal Báez -- Atrio -- Entre el espanto y la locura -- La corrupción es un arma cargada de cianuro -- A la caza del Octubre Rojo -- El presidente sureño de las sorpresas -- Margarita y el mar -- La reelección y su efecto narcótico -- Consummátum est.
590 ## - NOTA LOCAL
Texto de la nota local Inventariado, 2023/VM
650 #4 - ENCABEZAMIENTO DE MATERIA--TEMÁTICO
Término temático o nombre geográfico como elemento de entrada
651 #4 - ENCABEZAMIENTO DE MATERIA--NOMBRE GEOGRÁFICO
Nombre geográfico República Dominicana
Subdivisión temática general Política y gobierno
Subdivisión cronológica 2008-2019
651 #4 - ENCABEZAMIENTO DE MATERIA--NOMBRE GEOGRÁFICO
Nombre geográfico República Dominicana
Subdivisión temática general Aspectos político
700 1# - ASIENTO SECUNDARIO -- NOMBRE PERSONAL
Nombre personal Espinal Báez, Nelson,
Mención de responsabilidad pról.
700 1# - ASIENTO SECUNDARIO -- NOMBRE PERSONAL
Nombre personal Ciprián, Felipe
Mención de responsabilidad ed.
910 ## - VALIDACIÓN
Validación VMateo V. Control de calidad (BPMSU)
942 ## - ADDED ENTRY ELEMENTS (KOHA)
Source of classification or shelving scheme Dewey Decimal Classification
Koha item type Libros
Existencias
Withdrawn status Lost status Source of classification or shelving scheme Damaged status Not for loan Collection code Home library Current library Date acquired Total Checkouts Full call number Barcode Date last seen Price effective from Koha item type
    Dewey Decimal Classification     Colección Dominicana Biblioteca Pública Metropolitana Salomé Ureña Biblioteca Pública Metropolitana Salomé Ureña 07/04/2023   BPMSU CD 320.907293 M478p 2021 BPMSU23070006 07/04/2023 07/04/2023 Libros